000 00825nam a22002417a 4500
999 _c7629
_d7629
003 OSt
005 20220119165127.0
008 220119b ||||| |||| 00| 0 eng d
020 _a9781107004191
040 _cDDC
082 _a966.4 PET 2011
100 _aPeters, Krijn
_915600
245 _aWar and the crisis of youth in Sierra Leone.
260 _aNew York :
_bCambridge University Press ;
_c 2011
300 _axv, 274 p. :
_b map ;
_c24 cm
504 _aIncludes bibliographical references and index.
650 _aRevolutionary United Front -- History
_915601
650 _aChildren and war -- Sierra Leone
_915602
650 _aYouth -- Sierra Leone -- Social conditions
_915603
650 _aRural development -- Sierra Leone
_915604
650 _aSierra Leone -- Rural conditions
_915605
942 _2ddc
_cBOOK